Socio-economic dynamics in rural Bangladesh:the individual and societal effects of opportunities and obstacles (Record no. 9736)
[ view plain ]
| 000 -LEADER | |
|---|---|
| fixed length control field | 00538nam a2200169Ia 4500 |
| 020 ## - INTERNATIONAL STANDARD BOOK NUMBER | |
| ISBN | 1856286819 |
| 082 ## - DEWEY DECIMAL CLASSIFICATION NUMBER | |
| Classification number | 338.95492 HER-S |
| 100 ## - MAIN ENTRY--AUTHOR NAME | |
| Personal name | Herbon, Dietmar |
| 245 #0 - TITLE STATEMENT | |
| Title | Socio-economic dynamics in rural Bangladesh:the individual and societal effects of opportunities and obstacles |
| 260 ## - PUBLICATION, DISTRIBUTION, ETC. (IMPRINT) | |
| Place of publication | Aldershot |
| Name of publisher | Avebury |
| Year of publication | 1994 |
| 300 ## - PHYSICAL DESCRIPTION | |
| Number of Pages | 386p |
| 504 ## - BIBLIOGRAPHY, ETC. NOTE | |
| Bibliography, etc | includes references |
| 650 ## - SUBJECT ADDED ENTRY--TOPICAL TERM | |
| Topical Term | Socio-economic dynamics |
| Form subdivision | Rural |
| 650 ## - SUBJECT ADDED ENTRY--TOPICAL TERM | |
| Topical Term | Bangladesh |
| Form subdivision | Industrial development |
| 650 ## - SUBJECT ADDED ENTRY--TOPICAL TERM | |
| Topical Term | Bangladesh |
| Form subdivision | Social development |
| 942 ## - ADDED ENTRY ELEMENTS (KOHA) | |
| Koha item type | Books |
| Source of classification or shelving scheme | Dewey Decimal Classification |
| Withdrawn status | Lost status | Damaged status | Not for loan | Collection code | Home library | Current library | Date acquired | Source of acquisition | Bill Date | Full call number | Accession Number | Price effective from | Koha item type |
|---|---|---|---|---|---|---|---|---|---|---|---|---|---|
| Docas Books | NASSDOC Library | NASSDOC Library | 08/02/2017 | Gifted by : DOCAS Collection | 2004-10-22 | 338.95492 HER-S | D001258 | 18/04/2019 | Books |
